Catálogo público

Elaboración de Vinos; Verificación Moderna / (Record no. 173109)

MARC details
000 -CABECERA
campo de control de longitud fija 00654nam a2200241Ia 4500
001 - NÚMERO DE CONTROL
campo de control dia_2591
003 - IDENTIFICADOR DEL NÚMERO DE CONTROL
campo de control CHAP
005 - FECHA Y HORA DE LA ÚLTIMA TRANSACCIÓN
campo de control 20230518085231.0
008 - DATOS DE LONGITUD FIJA--INFORMACIÓN GENERAL
campo de control de longitud fija 220117s1972 xx 000 0 und d
010 ## - NÚMERO DE CONTROL DE LA BIBLIOTECA DEL CONGRESO
Número de control de LC 173109
040 ## - FUENTE DE LA CATALOGACIÓN
Centro/agencia transcriptor CHAP
082 ## - NÚMERO DE LA CLASIFICACIÓN DECIMAL DEWEY
Número de clasificación 663.22 B6
100 ## - ENTRADA PRINCIPAL--NOMBRE DE PERSONA
Nombre de persona Bondiac, Enrique
9 (RLIN) 13658
245 ## - MENCIÓN DE TÍTULO
Título Elaboración de Vinos; Verificación Moderna /
Mención de responsabilidad, etc. por Enrique, Bondiac
260 ## - PUBLICACIÓN, DISTRIBUCIÓN, ETC.
Lugar de publicación, distribución, etc. Barcelona :
Nombre del editor, distribuidor, etc. Sintes,
Fecha de publicación, distribución, etc. 1972
300 ## - DESCRIPCIÓN FÍSICA
Extensión 189 p.
500 ## - NOTA GENERAL
Nota general I.41242
650 ## - PUNTO DE ACCESO ADICIONAL DE MATERIA--TÉRMINO DE MATERIA
Término de materia o nombre geográfico como elemento de entrada Vino
Subdivisión general elaboración.
9 (RLIN) 119861
901 ## - ELEMENTOS DE DATOS A LOCAL LDA (RLIN)
a 663.22 B6
902 ## - ELEMENTOS DE DATOS B LOCAL, LDB (RLIN)
a M
905 ## - ELEMENTOS DE DATOS E LOCAL, LDE (RLIN)
a 0000001972 BARA 0000000000ESP00
942 ## - ELEMENTOS DE PUNTO DE ACCESO ADICIONAL (KOHA)
Tipo de ítem Koha Libro
Fuente del sistema de clasificación o colocación Dewey Decimal Classification
Holdings
Estado de retiro Estado de pérdida Fuente del sistema de clasificación o colocación Estado dañado Restricciones de uso No para préstamo Código de colección Localización permanente Ubicación/localización actual Fecha de adquisición Fuente de adquisición Coste, precio normal de compra Número de inventario Total de préstamos Signatura topográfica completa Código de barras Fecha visto por última vez Fecha del último préstamo Número de copia Tipo de ítem Koha
    Dewey Decimal Classification   Préstamo interno   General Ingenieria Agroindustrial Ingenieria Agroindustrial 18/01/2022 Compra Librería Metropolitana de medios audiovisuales F. 10029 (28/12/1978) / R. 25116 (25/09/1990) vale 8054(07/02/1979) 330.00 41242 1 663.22 B6 dia_1252 07/06/2023 07/06/2023 Ej.1 Libro
    Dewey Decimal Classification   Préstamo 5 días   General Ingenieria Agroindustrial Ingenieria Agroindustrial 29/12/1978 Compra Patena F. 65209/15 / Vale 10944 (29-12-78) 112.20   2 663.22 B6 dia_1216 13/06/2023 13/06/2023 Ej. 2 Libro